Running hot / (Record no. 13749)
[ view plain ]
| 000 -LEADER | |
|---|---|
| fixed length control field | 01217cam a2200289 a 4500 |
| 001 - CONTROL NUMBER | |
| control field | 15344183 |
| 003 - CONTROL NUMBER IDENTIFIER | |
| control field | OSt |
| 005 - DATE AND TIME OF LATEST TRANSACTION | |
| control field | 20160511122230.0 |
| 008 - FIXED-LENGTH DATA ELEMENTS--GENERAL INFORMATION | |
| fixed length control field | 080625s2008 nyu 000 1 eng |
| 010 ## - LIBRARY OF CONGRESS CONTROL NUMBER | |
| LC control number | 2008028340 |
| 020 ## - INTERNATIONAL STANDARD BOOK NUMBER | |
| International Standard Book Number | 9780399155215 |
| 020 ## - INTERNATIONAL STANDARD BOOK NUMBER | |
| International Standard Book Number | 039915521X |
| 035 ## - SYSTEM CONTROL NUMBER | |
| System control number | (OCoLC)213308433 |
| 035 ## - SYSTEM CONTROL NUMBER | |
| System control number | (OCoLC)ocn213308433 |
| 040 ## - CATALOGING SOURCE | |
| Original cataloging agency | SEKU |
| 050 00 - LIBRARY OF CONGRESS CALL NUMBER | |
| Classification number | PS 3561 |
| Item number | .K7 |
| 100 1# - MAIN ENTRY--PERSONAL NAME | |
| Personal name | Krentz, Jayne Ann. |
| 245 10 - TITLE STATEMENT | |
| Title | Running hot / |
| Statement of responsibility, etc. | Jayne Ann Krentz. |
| 260 ## - PUBLICATION, DISTRIBUTION, ETC. (IMPRINT) | |
| Place of publication, distribution, etc. | New York : |
| Name of publisher, distributor, etc. | G.P. Putnam's Sons, |
| Date of publication, distribution, etc. | c2008. |
| 300 ## - PHYSICAL DESCRIPTION | |
| Extent | 337 p. ; |
| Dimensions | 24 cm. |
| 500 ## - GENERAL NOTE | |
| General note | "An Arcane society novel"--Jacket. |
| 520 ## - SUMMARY, ETC. | |
| Summary, etc. | Reluctantly paired for a murder investigation by the paranormal Arcane Society, former cop Luther Malone and aura-reading librarian Grace Renquist find their mutual disgust dissolving into a powerful attraction, during a case that is further complicated by operatives for a ruthless underground psychic group. |
| 650 #0 - SUBJECT ADDED ENTRY--TOPICAL TERM | |
| Topical term or geographic name as entry element | Psychic ability |
| Form subdivision | Fiction. |
| 856 42 - ELECTRONIC LOCATION AND ACCESS | |
| Materials specified | Contributor biographical information |
| Uniform Resource Identifier | <a href="http://www.loc.gov/catdir/enhancements/fy0905/2008028340-b.html">http://www.loc.gov/catdir/enhancements/fy0905/2008028340-b.html</a> |
| 856 42 - ELECTRONIC LOCATION AND ACCESS | |
| Materials specified | Publisher description |
| Uniform Resource Identifier | <a href="http://www.loc.gov/catdir/enhancements/fy0905/2008028340-d.html">http://www.loc.gov/catdir/enhancements/fy0905/2008028340-d.html</a> |
| 942 ## - ADDED ENTRY ELEMENTS (KOHA) | |
| Source of classification or shelving scheme | Library of Congress Classification |
| Koha item type | General circulation |
| Withdrawn status | Lost status | Source of classification or shelving scheme | Damaged status | Not for loan | Home library | Current library | Shelving location | Date acquired | Source of acquisition | Total Checkouts | Full call number | Barcode | Date last seen | Date last checked out | Price effective from | Koha item type | Public note |
|---|---|---|---|---|---|---|---|---|---|---|---|---|---|---|---|---|---|
| Library of Congress Classification | Main Campus Library | Main Campus Library | General Stacks | 11/05/2016 | Donation-Books for Africa | 1 | PS 3561 .K7 | 2016/017734 | 24/10/2016 | 14/10/2016 | 11/05/2016 | General circulation | res |